Biblioteca

Inés del alma mía (Registro nro. 65957)

Detalles MARC
000 -LÍDER
Campo fijo de descripción fija 01061nam a2200325 i 4500
001 - NÚMERO DE CONTROL
Campo de control 768714001
003 - IDENTIFICADOR DEL NÚMERO DE CONTROL
Campo de control CO-MdFUSB
005 - FECHA Y HORA DE LA ULTIMA TRANSACCIÓN
control field 20210209155452.0
007 - CAMPO FIJO DE DESCRIPCIÓN FIJA--INFORMACIÓN GENERAL
Campo fijo de descripción fija ta
008 - ELEMENTOS DE LONGITUD FIJA -- INFORMACIÓN GENERAL
Campo fijo de descripción fija -- Información general 200601t2010 sp a|a|| |||| 00| 0 spa d
020 ## - NÚMERO INTERNACIONAL NORMALIZADO PARA LIBROS
Número Internacional Normalizado del libro 9802936332
040 ## - FUENTE DE CATALOGACIÓN
Agencia de catalogación original CO-MdFUSB
Idioma de catalogación spa
Agencia que realiza la transcripción CO-MdFUSB
Agencia que realiza la modificación CO-MdFUSBC
Convenciones de la descripción rda
041 ## - CÓDIGO DE IDIOMA
Código de idioma para texto/pista de sonido o título separado spa
082 ## - NÚMERO DE CLASIFICACIÓN DECIMAL DEWEY
Número de la edición del Dewey 23
Número de clasificación 863.64
Clave de autor-Numero de item A432
100 ## - ASIENTO PRINCIPAL--NOMBRE PERSONAL
Nombre personal Allende, Isabel,
Término relacionador autor
245 ## - TÍTULO
Título del Material Inés del alma mía
Mención de responsabilidad, etc. / Isabel Allende
264 #1 - PRODUCCIÓN, PUBLICACIÓN, DISTRIBUCIÓN, MANUFACTURA, Y COPYRIGHT
Lugar de producción, publicación, distribución, manufactura España :
Nombre del productor, publicador, distribuidor Sudamericana,
Fecha de producción, publicación, distribución, manufactura, o copyright [2010]
264 #4 - PRODUCCIÓN, PUBLICACIÓN, DISTRIBUCIÓN, MANUFACTURA, Y COPYRIGHT
Fecha de producción, publicación, distribución, manufactura, o copyright © 2010
300 ## - DESCRIPCIÓN FÍSICA
Extensión 349 páginas
Dimensiones ; 23 cm
336 ## - TIPO DE CONTENIDO
Fuente rdacontent
Término de tipo de contenido texto
Código de tipo de contenido txt
337 ## - TIPO DE MEDIO
Fuente rdamedia
Nombre del tipo de medio sin mediación
Código del tipo de medio n
338 ## - TIPO DE SOPORTE
Fuente rdacarrier
Nombre del tipo de soporte volumen
Código Tipo de soporte nc
520 ## - NOTA DE RESUMEN, ETC.
Nota de sumario, etc. Costurera española Inés Suárez busca a su marido en el Nuevo Mundo. Cuando ella se entera de su muerte, Ines se enamora de Pedro de Valdivia y se une a el en su conquista de Chile
563 ## - NOTA DE ENCUADERNACIÓN
Nota de encuadernación Rústico
650 #7 - ASIENTO SECUNDARIO DE MATERIA - TERMINO TEMÁTICO
Fuente del encabezamiento o término embne
9 (RLIN) 2265
Término temático o nombre geográfico como elemento de entrada Literatura hispanoamericana
653 ## - TÉRMINO DE INDIZACIÓN - NO CONTROLADO
Término no controlado Literatura chilena
653 ## - TÉRMINO DE INDIZACIÓN - NO CONTROLADO
Término no controlado Novela biográfica.
942 ## - TIPO DE MATERIAL (KOHA)
Tipo de Item KOHA Libros General
945 ## - INFORMACIÓN LOCAL DEL REGISTRO
Catalogador JTF-925
Existencias
Estado de Material Estado de Perdido Forma de Clasificación Estado de Dañado No para Préstamo Colección Biblioteca de Origen Biblioteca Permanente Fecha de Adquisición Forma de Adquisición Área Total de Préstamos Signatura Topográfica Código de Barras Última vez visto Ejemplar/Existencia Fecha de Remplazo Tipo de Material
    Dewey Decimal Classification     Colección General Biblioteca FUSBC Biblioteca FUSBC 01/06/2020 Donación Atiencia LITERATURA   G 863.64 A432i 11837 01/06/2020 Ej.1 01/06/2020 Libros General

Biblioteca FUSBC | Teléfono: (57+4) 349 88 10 Ext. 141| WhatsApp (+57) 3005338115 
E-mail: biblioteca@unisbc.edu.co | Calle 76 87-14 Robledo Palenque, Medellín, Colombia

Con tecnología Koha